Economía del emprendimiento y las pequeñas empresas en México /

Gespeichert in:
Bibliographische Detailangaben
1. Verfasser: Mungaray Lagarda, Alejandro (coordinación)
Weitere Verfasser: Ramírez, Natanael (coordinación) (coordinación), Aguilar, José Gabriel (coordinación) (coordinación)
Format: Buch
Sprache:Spanisch
Veröffentlicht: México : Mexicali, México : Miguel Angel Porrúa ; Universidad Autónoma de Baja California, 2016, c2016
Schriftenreihe:(Las Ciencias Sociales Miguel Angel Porrúa. Tercera Década)
Schlagworte:
Tags: Tag hinzufügen
Keine Tags, Fügen Sie das erste Tag hinzu!

MARC

LEADER 00000nam^a2200000^a^4500
001 000400598
005 20250521000000.0
009 20260310121622.79
020 |a 978-607-524-060-2 
037 |a Acervo ITESO - Biblioteca 
041 |a ESP 
082 |a 338. 6420972  |b MUN 
100 |a Mungaray Lagarda, Alejandro  |e (coordinación) 
245 1 0 |a Economía del emprendimiento y las pequeñas empresas en México /  |c Coord. de A. Mungaray, N. Ramírez, J.G. Aguilar. 
264 4 |a México :  |b Miguel Angel Porrúa ;  |a Mexicali, México :  |b Universidad Autónoma de Baja California,  |c 2016, c2016 
300 |a 173 p. 
336 |a texto  |b txt  |2 rdacontenido 
337 |a sin mediación  |b n  |2 rdamedio 
338 |a volumen  |b nc  |2 rdasoporte 
440 5 |a (Las Ciencias Sociales Miguel Angel Porrúa.  |p Tercera Década) 
521 |a FIL 2017 EEnlace Centro Universidad Empresa 
649 |a XX 
650 |a Microempresa -  |z Baja California -  |x Condiciones Económicas -  |x Tema Principal 
650 |a Microempresa -  |z México -  |x Condiciones Económicas -  |x Tema Principal 
650 |a Microempresa -  |z Baja California -  |x Administración 
650 |a Microempresa -  |z México -  |x Administración 
650 |a Capital en Riesgo -  |z México 
650 |a Autoempleo -  |z México 
650 |a Desarrollo Regional -  |z México -  |x Historia -  |y 2000-2009 
650 |a Desarrollo Regional -  |z México -  |x Historia -  |y 2010-2019 
650 |a Desarrollo Económico-Social -  |z México -  |x Historia -  |y 2000-2009 
650 |a Desarrollo Económico-Social -  |z México -  |x Historia -  |y 2010-2019 
650 |a Economía -  |z México -  |x Historia -  |y 2000-2009 
650 |a Economía -  |z México -  |x Historia -  |y 2010-2019 
650 |a Baja California -  |x Condiciones Económicas 
650 |a México -  |x Condiciones Económicas 
700 |a Ramírez, Natanael  |e (coordinación) 
700 |a Aguilar, José Gabriel  |e (coordinación) 
910 |a Fondo General 
920 |a Impresos - Libros 
930 |a Colección General 
905 |a 101 
901 |a 0500295846  |b IT1  |c ACC  |i c158478  |u 20250521 
902 |a https://opac.biblio.iteso.mx/vufind/Record/000400598